000 00680nam a2200241Ia 4500
003 OSt
005 20220926013204.0
006 a|||||r|||| 00| 0
007 ta
008 220923b |||||||| |||| 00| 0 eng d
037 _cGeneral Book
040 _aRTL
_cRTL
_beng
041 _2eng
_aeng
082 _aX64, N3
100 _aCampbell Tim S
_9317950
245 0 _aFinancial institutions and capital markets
260 _aNew York
_bHarper Collins USA
_c1993
300 _axvi,656p
_ccm.
650 _aMoney Markets
700 _a Kracaw William A
_9317951
942 _hX64, N3
_cGB
_2CC
999 _c625392
_d625392